Easiest Quiz Ever - Statistics

General Stats
  • This quiz has been taken 73 times
  • The average score is 11 of 15
Answer Stats
Question Answer % Correct
What is 0x1? 0
100%
What is 9+10? 19
80%
How many states are in the U.S? 50
80%
What does 3x2 equal? 6
80%
What is 3+3? 6
80%
What is Jack Sparrow? A Pirate
80%
Who was the 1st President of the United States? George Washingon
80%
What color is the Hulk? Green
80%
What color is the Batman Logo? Yellow
80%
Is red a primary color? Yes
80%
Does Red+Blue=Purple? Yes
80%
What is Batman's real name? Bruce Wayne
60%
Who did Donald Trump go against in the 2016 Election? Hilary Clinton
60%
Is Dan Hostetler, Quizmaster? Yes
60%
Is Blue a Primary Color? Yes
40%
No matching quizzes found
Score Distribution
Percent of People with Each Score
Percentile by Number Answered
Your Score History
You have not taken this quiz